| 000 | 00358nam a2200133Ia 4500 | ||
|---|---|---|---|
| 008 | 240624s9999 xx 000 0 und d | ||
| 041 | _aeng | ||
| 082 | _a658.421 ALD | ||
| 100 | _aALDRICH HOWARD E | ||
| 245 | _aEVOLUTIONARY APPROACH TO ENTREPRENEURSHI | ||
| 260 |
_c2011 _aUnited Kingdom _bEdward Elgar |
||
| 300 | _axxi, 595 p.; 23 cm. | ||
| 365 |
_cBPS _b33 |
||
| 999 |
_c32214 _d32214 |
||